Spell the Marvel Character #191 - Statistics

General Stats
  • This quiz has been taken 17 times
  • The average score is 7 of 8
Answer Stats
Picture Answer % Correct
Ant-Man
100%
Hawkeye
100%
Professor X
100%
Rocket Raccoon
100%
Wolverine
100%
Aurora
75%
Warpath
69%
Transonic
38%
No matching quizzes found
Score Distribution
Percent of People with Each Score
Percentile by Number Answered
Your Score History
You have not taken this quiz